| 000 | 00680nam a22002411 4500 | ||
|---|---|---|---|
| 001 | 16849 | ||
| 003 | BD-RjUL | ||
| 005 | 20211209000046.0 | ||
| 008 | 140215s1966 ne a b 001 0 eng | ||
| 035 | _a(BD-RjUL)16904 | ||
| 040 |
_aDLC/ICU _cICU _dDLC _beng |
||
| 041 | _aeng | ||
| 082 | 0 | 0 |
_a547.1 _bBOP 1966 |
| 100 | 1 |
_aBoenig, Herman V. _952025 |
|
| 245 | 0 | 0 |
_aPolyolefins: _bstructure and properties / _cby Herman V. Boenig. |
| 260 |
_aAmsterdam : _aNew York : _bElsevier Pub. Co., _c1966. |
||
| 300 |
_axi, 319 p. : _billus. ; _c24 cm. |
||
| 504 | _aIncludes Index | ||
| 650 | 0 |
_aPolyolefins. _952026 |
|
| 942 |
_2ddc _cBK |
||
| 999 |
_c16849 _d16849 |
||